Contrato de namoro : (Record no. 337)

MARC details
000 -LÍDER
Campo Fixo de Controle 01079cam a2200277 a 4500
001 - NÚMERO DE CONTROLE
Campo de Controle 337
003 - IDENTIFICAÇÃO DO NÚMERO DE CONTROLE
Campo de Controle BR-CuiBMT
005 - DATA E HORA DA ÚLTIMA ATUALIZAÇÃO
Campo de Controle 20231129135304.0
008 - DADOS FIXOS
Dados Fixos 231031s2022 mgb 000 0 por d
040 ## - AGÊNCIA CATALOGADORA
Código da Agência Catalogadora BR-CuiBMT
Agência que transcreveu o registro BR-CuiBMT
080 ## - Nº DA CLASSIFICAÇÃO DECIMAL UNIVERSAL
Nº edição CDU 2007
Nº Class. CDU 347.628
090 ## - NÚMERO DE CHAMADA
Nº classificação 347.628
Cutter X3c
Ano/Edição 3. ed.
100 1# - ENTRADA PRINCIPAL -- AUTOR PESSOAL
Nome pessoal Xavier, Marília Pedroso
245 10 - TÍTULO PRINCIPAL
Título principal Contrato de namoro :
Subtítulo amor líquido e direito de família mínimo /
Indicação de responsabilidade Marília Pedroso Xavier ; prefácio Ana Carolina Brochado Teixeira ; apresentação Paulo Nalin.
250 ## - EDIÇÃO
Edição 3. ed., rev., ampl. e atual.
260 ## - PUBLICAÇÃO, DISTRIBUIÇÃO, ETC.
Local de publicação Belo Horizonte :
Editora Fórum,
Data 2022.
300 ## - DESCRIÇÃO FÍSICA
N. páginas ou volumes 164 p. ;
Dimensões 22 cm
490 1# - INDICAÇÃO DE SÉRIE
Título da série Coleção Fórum direito civil e seus desafios contemporâneos ;
Volume/designação sequencial da série v. 3
504 ## - NOTA DE BIBLIOGRAFIA, ETC.
Nota de bibliografia Inclui bibliografia.
650 ## - ASSUNTO TÓPICO
Cabeçalho tópico ou nome geográfico Contrato de convivência
Subdivisão geográfica Brasil
650 ## - ASSUNTO TÓPICO
Cabeçalho tópico ou nome geográfico Direito de família
Subdivisão geral Contrato de convivência
Subdivisão cronológica Brasil
650 ## - ASSUNTO TÓPICO
Cabeçalho tópico ou nome geográfico União estável
Subdivisão geral Jurisprudência
Subdivisão geográfica Brasil
650 ## - ASSUNTO TÓPICO
Cabeçalho tópico ou nome geográfico Relações familiares
Subdivisão geográfica Brasil
830 #0 - ENTRADA SECUNDÁRIA DE SÉRIE -- TÍTULO UNIFORME
Título uniforme Coleção Fórum direito civil e seus desafios contemporâneos ;
Nº do volume/designação sequencial da série 4
942 ## - ELEMENTOS DE ENTRADA ADICIONAIS (KOHA)
Fonte de classificação ou esquema de arquivamento Classificação Decimal Universal
Tipo de item do Koha Livros
Holdings
Estado: removido Estado: perdido Fonte de classificação ou esquema de arquivamento Estado: danificado Indisponível para empréstimo Localização permanente Localização atual Data de aquisição Total Checkouts Número de Chamada completo Código de barras Date last seen Número do exemplar Preço efetivo a partir de Tipo de item (Koha)
    Classificação Decimal Universal     Biblioteca da Escola Superior de Contas do TCE/MT Biblioteca da Escola Superior de Contas do TCE/MT 31/10/2023   347.628 X3c 3. ed. BIBTCEMT23100061 31/10/2023 Ex. 1 31/10/2023 Livros
    Classificação Decimal Universal     Biblioteca da Escola Superior de Contas do TCE/MT Biblioteca da Escola Superior de Contas do TCE/MT 31/10/2023   347.628 X3c 3. ed. BIBTCEMT23100062 31/10/2023 Ex. 2 31/10/2023 Livros
    Classificação Decimal Universal     Biblioteca da Escola Superior de Contas do TCE/MT Biblioteca da Escola Superior de Contas do TCE/MT 31/10/2023   347.628 X3c 3. ed. BIBTCEMT23100063 31/10/2023 Ex. 3 31/10/2023 Livros

Powered by Koha